[Event "St Pauli Open"]
[Site "Hamburg GER"]
[Date "2011.07.15"]
[Round "8.38"]
[White "Welsh,M"]
[Black "Sturm,Timo"]
[Result "1-0"]
[WhiteElo "2061"]
[BlackElo "1942"]

1.e4 d6 2.d4 Nf6 3.Nc3 c6 4.f3 e5 5.Nge2 Nbd7 6.g4 Be7 7.Ng3 exd4 8.Qxd4 Ne5
9.Bd2 h5 10.g5 h4 11.Nf5 Bxf5 12.exf5 c5 13.Qf2 Nfd7 14.f4 Nc6 15.Be3 Qa5
16.O-O-O O-O-O 17.Kb1 Kb8 18.Bc4 Rdf8 19.Nd5 Nb6 20.Bd2 Qa4 21.b3 Qa3 22.Bc1 Qa5
23.Nxb6 Qxb6 24.Bb2 f6 25.g6 Rc8 26.Rhe1 Rc7 27.Re6 Rh5 28.Rde1 Rd7 29.Bd5 Bd8
30.Re8 Re7 31.Bxc6 Rxe1+ 32.Qxe1 Rxf5 33.Qe7  1-0

[Event "St Pauli Open"]
[Site "Hamburg GER"]
[Date "2011.07.15"]
[Round "8.37"]
[White "Hartkopf,Uwe"]
[Black "Obreht,S"]
[Result "0-1"]
[WhiteElo "2064"]
[BlackElo "2025"]

1.e4 d6 2.d4 Nf6 3.Nc3 Nbd7 4.Nf3 e5 5.Bc4 h6 6.O-O Be7 7.h3 O-O 8.Be3 c6
9.a4 Qc7 10.Ba2 Re8 11.Qd2 Bf8 12.Nh4 Nb6 13.a5 Nbd7 14.Ng6 h5 15.f4 exd4
16.Bxd4 Nxe4 17.Nxe4 Rxe4 18.Qc3 d5 19.Nxf8 Nxf8 20.Bxd5 Rxd4 21.Qxd4 cxd5
22.Qxd5 g6 23.Rf2 Be6 24.Qg5 Nh7 25.Qh6 Qc5 26.a6 b6 27.Rf1 Rd8 28.f5 Bxf5
29.Kh1 Nf6 30.Qg5 Qd6 31.Rxf5 Ne4 32.Qh4 Ng3+ 33.Kg1 Nxf5 34.Qg5 Ng3 35.Rf3 Ne2+
36.Kf2 Qd2 37.Qxd2 Rxd2 38.Rd3 Rxd3 39.cxd3 Nf4 40.Ke3 Nd5+ 41.Ke4 Nb4 42.d4 f6
43.d5 Kf7 44.Kd4 Ke7 45.Kc4 Nxa6 46.Kb5 Nb8  0-1

[Event "21st Heart of Finland"]
[Site "Jyvaskyla FIN"]
[Date "2011.07.15"]
[Round "7"]
[White "Anttila,P"]
[Black "Iivonen,M"]
[Result "1-0"]
[WhiteElo "2109"]
[BlackElo "2005"]

1.e4 d6 2.d4 Nf6 3.Nc3 Nbd7 4.g4 h6 5.Be3 e5 6.dxe5 dxe5 7.f3 Bb4 8.Qd2 c6
9.Bc4 Qa5 10.Nge2 b5 11.Bb3 Nc5 12.Qd6 Ncd7 13.Qxc6 Rb8 14.O-O-O O-O 15.a3 Bb7
16.Qxb5 Bxc3 17.Nxc3 Qxb5 18.Nxb5 Bxe4 19.fxe4 Rxb5 20.Bxa7 Rc8 21.Ba4 Rb7
22.Be3 Nc5 23.Bxc5 Rxc5 24.h3 Nxe4 25.Rd8+ Kh7 26.b4 Rc3 27.Kb2 Re3 28.Rd7 Rxd7
29.Bxd7 Nd6 30.c3 g6 31.Rd1 Ne4 32.c4 Re2+ 33.Kb3 Re3+ 34.Kb2 Re2+ 35.Kc1 Re3
36.Bc6 Nf2 37.Rd2 Nxh3 38.b5 Rxa3 39.b6 Nf4 40.b7 Rb3 41.Bb5  1-0

[Event "ch-Central Serbia Int Open A"]
[Site "Paracin SRB"]
[Date "2011.07.15"]
[Round "9.40"]
[White "Steiner,B"]
[Black "Ivanovic,An"]
[Result "1-0"]
[WhiteElo "2207"]
[BlackElo "2001"]

1.d4 Nf6 2.Nc3 d6 3.e4 e5 4.dxe5 dxe5 5.Qxd8+ Kxd8 6.Bg5 c6 7.Bc4 Ke8 8.h3 Nbd7
9.a4 a5 10.Nge2 Bc5 11.O-O h6 12.Bd2 Nf8 13.Kh1 g5 14.Ng3 Be6 15.Bxe6 fxe6
16.Nd1 Ng6 17.Ne3 Ke7 18.Nc4 b6 19.Bc3 Nd7 20.Rad1 Rhc8 21.Rd2 b5 22.Rfd1 Ra7
23.Nd6 Rb8 24.axb5 cxb5 25.Bxa5 Rxa5 26.Ndf5+ exf5 27.Rxd7+ Kf8 28.exf5 Nf4
29.Ne4 b4 30.Rh7 Re8 31.Rdd7 Be7 32.f6 Nd5 33.Rxh6 Nxf6 34.Nxf6 Bxf6 35.Rxf6+ Kg8
36.Rg6+ Kf8 37.Rxg5 Rc5 38.Rf5+ Kg8 39.Rb7 Rc4 40.b3 Rd4 41.Kh2  1-0

[Event "3rd International Open"]
[Site "Rethymno GRE"]
[Date "2011.07.15"]
[Round "6"]
[White "Georgiadis,I"]
[Black "Vafiadis,K"]
[Result "1/2-1/2"]
[WhiteElo "2464"]
[BlackElo "2301"]

1.e4 d6 2.d4 Nf6 3.Nc3 Nbd7 4.g4 h6 5.h3 e5 6.Nge2 Be7 7.Bg2 Nf8 8.Ng3 Ne6
9.Nce2 c6 10.Be3 Qc7 11.Qd2 exd4 12.Nxd4 Nxd4 13.Bxd4 Be6 14.O-O-O O-O-O
15.Kb1 d5 16.Qe3 dxe4 17.Nxe4 Nd5  1/2-1/2

[Event "34th Aegean Open"]
[Site "Aghios Kirykos GRE"]
[Date "2011.07.16"]
[Round "9"]
[White "Ungure,L"]
[Black "Lagopatis,N"]
[Result "0-1"]
[WhiteElo "2101"]
[BlackElo "2181"]

1.e4 d6 2.d4 Nf6 3.Nc3 Nbd7 4.Nf3 e5 5.Bc4 Be7 6.O-O O-O 7.h3 c6 8.a4 Nxe4
9.Nxe4 d5 10.Bb3 dxe4 11.Nxe5 Nxe5 12.dxe5 Bf5 13.Be3 Qc7 14.Qd4 Rad8 15.Qc3 a5
16.Rad1 Bb4 17.Qc4 Rxd1 18.Rxd1 Qxe5 19.Qd4 Qxd4 20.Bxd4 h5 21.c3 Be7 22.Bb6 Ra8
23.Bc2 Ra6 24.Be3 c5 25.Rd5 g6 26.Bxc5 Bxc5 27.Rxc5 Rb6 28.b3 Rd6 29.Re5 e3
30.Bxf5 Rd1+  0-1

[Event "31st Benasque Open"]
[Site "Benasque ESP"]
[Date "2011.07.16"]
[Round "10"]
[White "Oleksienko,M"]
[Black "Cifuentes Parada,R"]
[Result "1/2-1/2"]
[WhiteElo "2564"]
[BlackElo "2523"]

1.e4 d6 2.d4 Nf6 3.Nc3 e5 4.Nf3 Nbd7 5.Bc4 Be7 6.O-O O-O 7.Re1 c6 8.a4 b6
9.Bg5 a6 10.d5 c5 11.Rb1 Kh8 12.Bf1 Ng8 13.Be3 g6 14.b4 f5 15.exf5 gxf5 16.a5 cxb4
17.axb6 a5 18.Na4 f4 19.Bd2 Nxb6 20.Nxb6 Qxb6 21.c3 Bf5 22.cxb4 Bxb1 23.bxa5 Qb2
24.Qxb1 Qxb1 25.Rxb1 Rfb8 26.Rxb8 Rxb8 27.g3 fxg3 28.hxg3 Nf6 29.Bc4 Bd8
30.Ng5 Kg8 31.Kf1 Rb2 32.Be1 Rc2 33.Bb5 Ra2 34.a6 Bb6 35.f3 Kf8 36.Bc4 Ra4
37.Bb5 Ra3 38.Bb4 Ra1+ 39.Ke2 Ke7 40.Bd2 Ba5 41.Be3 Nxd5 42.a7 Bb6 43.Bc6 Ra2+
44.Bd2 Nc7 45.a8=Q Nxa8 46.Bd5 Ra1 47.Nxh7 Nc7 48.Bg5+ Kd7 49.Nf6+ Kc8 50.Be4 Nb5
51.Nd5 Ra2+ 52.Kd3 Bf2 53.g4 Nd4 54.f4 Ra3+ 55.Kc4 Ra4+ 56.Kd3 Nb3 57.Bf5+ Kb7
58.fxe5 dxe5 59.Nc3 Ra1 60.Kc4 Na5+ 61.Kd5 Nc6 62.Ne4 Ra5+ 63.Kd6 Bb6 64.Bf6 Bc7+
65.Kd7 Nd4 66.Bh7 Rd5+ 67.Ke8 Kc8 68.g5 Bd8 69.Bg8 Rd7 70.Nc5  1/2-1/2

[Event "2nd Girona Open"]
[Site "Girona ESP"]
[Date "2011.07.16"]
[Round "3"]
[White "Parramon Ros,F"]
[Black "Mundet Riera,Ja"]
[Result "1-0"]
[WhiteElo "2042"]
[BlackElo "2125"]

1.d4 d6 2.e4 Nf6 3.Nc3 e5 4.Nf3 Nbd7 5.g4 Nxg4 6.Rg1 Ngf6 7.Bc4 h6 8.Be3 c6
9.dxe5 dxe5 10.Qd3 Qc7 11.O-O-O g6 12.Bxf7+ Kxf7 13.Qc4+ Ke8 14.Nb5 Qd8 15.Nxe5 Rh7
16.Qe6+ Qe7 17.Nd6+ Kd8 18.Nef7+ Rxf7 19.Nxf7+ Ke8 20.Nd6+ Kd8 21.Qb3 Kc7
22.Rxg6 Qh7 23.Bf4 Bxd6 24.Rxd6 Ne8 25.Rde6+ Kd8 26.Bxh6 Nc5 27.Bg5+ Kd7
28.Qc4 Nxe6 29.Qxe6+ Kc7 30.Qxe8 Qxh2 31.Qf7+ Kb6 32.Be3+  1-0

[Event "5th LCT Open A"]
[Site "Leiden NED"]
[Date "2011.07.16"]
[Round "8"]
[White "Farrand,T"]
[Black "Llaneza Vega,M"]
[Result "1-0"]
[WhiteElo "2256"]
[BlackElo "2465"]

1.e4 d6 2.d4 Nf6 3.Nc3 e5 4.dxe5 dxe5 5.Qxd8+ Kxd8 6.Bc4 Be6 7.Bxe6 fxe6
8.Nge2 Bc5 9.f3 a6 10.Nd1 Nc6 11.Be3 Bd6 12.Nf2 Ke7 13.c3 Rhf8 14.Nd3 Nh5
15.O-O-O b6 16.Rd2 h6 17.Rhd1 Rad8 18.b3 g5 19.Nb2 Nf4 20.Nxf4 exf4 21.Bf2 h5
22.Nc4 b5 23.Nb2 Nb8 24.Nd3 Nd7 25.Nb4 Ra8 26.Nc6+ Kf6 27.c4 bxc4 28.bxc4 Rf7
29.c5 Bxc5 30.Rxd7 Bxf2 31.e5+ Kg6 32.Rxf7 Kxf7 33.Rd7+ Kg6 34.Re7 Bc5 35.Rxe6+ Kg7
36.Rf6 a5 37.Kc2 Ra6 38.Kd3 Bg1 39.h3 Rb6 40.Ke4 a4 41.Kf5 a3 42.Nd8 Rb8
43.Ne6+ Kg8 44.Nxc7 Bd4 45.Ne6 Bc3 46.Rg6+ Kh8 47.Nxg5 Rb2 48.Rc6 Bd4 49.Kg6 Rb8
50.Rc7  1-0

[Event "3rd Artemis Cup"]
[Site "Leros GRE"]
[Date "2011.07.16"]
[Round "6.4"]
[White "Zawadzka,J"]
[Black "Czebe,A"]
[Result "0-1"]
[WhiteElo "2405"]
[BlackElo "2526"]

1.e4 d6 2.d4 Nf6 3.Nc3 e5 4.Nf3 Nbd7 5.Bc4 Be7 6.O-O c6 7.a4 Qc7 8.Re1 h6
9.a5 Nf8 10.h3 Ng6 11.Be3 O-O 12.Bb3 Nh7 13.Qd2 Kh8 14.Ne2 f5 15.exf5 Bxf5
16.Nh2 d5 17.c4 dxc4 18.Bxc4 Rad8 19.Qc3 Bf6 20.Rad1 Ng5 21.Bxg5 Bxg5 22.d5 Be4
23.d6 Rxd6 24.Ng3 Bf5 25.Nxf5 Rxf5 26.Qc2 Rf8 27.Rxd6 Qxd6 28.Rd1 Qc5 29.Qxg6 Qxc4
30.Rd7 Qc1+ 31.Nf1 Bf6 32.Rxb7 a6 33.Qe4 Qc5 34.b4 Qd4 35.Qg4 e4 36.Ne3 Bg5
37.Qe2 Qc3 38.g3 Bf6 39.Qc4 Qe1+ 40.Kg2 Be7 41.Ng4 e3 42.Qf1 exf2 43.Nxf2 Qe3
44.Rxe7 Qxe7 45.Qxa6 Qe3 46.Ng4 Qf3+ 47.Kh2 Rd8  0-1

[Event "15th Battle of Senta Open"]
[Site "Senta SRB"]
[Date "2011.07.16"]
[Round "1.8"]
[White "Dragovic,M"]
[Black "Vranic,L"]
[Result "1/2-1/2"]
[WhiteElo "2380"]
[BlackElo "2174"]

1.e4 d6 2.d4 Nf6 3.Nc3 Nbd7 4.Nf3 e5 5.Bc4 Be7 6.O-O O-O 7.a4 a5 8.h3 c6
9.Ba2 exd4 10.Nxd4 Nc5 11.Qf3 Nfd7 12.Qg3 Ne5 13.Bh6 Bf6 14.Rfd1 Ng6 15.Be3 Bh4
16.Qf3 Ne5 17.Qe2 Qe7 18.f4 Ng6 19.Nf5 Bxf5 20.exf5 Nh8 21.Bxc5 Qxe2 22.Nxe2 dxc5
23.g3 Bf6 24.c3 Rfd8 25.Bc4 Kf8 26.Kf2 Rab8 27.g4 h6 28.Ng3 Bh4 29.Kf3 Bxg3
30.Kxg3 f6 31.Kh4 Nf7 32.Kh5 Nd6 33.Be6 Ne4 34.Re1 Nf2 35.Re3 Rd3 36.Rxd3 Nxd3
37.Rf1 Nxb2 38.Kg6 Nxa4 39.Rd1 Nb6 40.c4 a4 41.h4 a3 42.g5 hxg5 43.fxg5 fxg5
44.hxg5 Re8 45.Bf7 Re5 46.Rd8+ Ke7 47.Rd3 Nd7 48.Rxa3 Nf8+ 49.Kxg7 Rxf5 50.Re3+ Kd6
51.Kxf8 Rxg5 52.Re7 b5 53.Ke8 Re5 54.Rxe5 Kxe5 55.Kd7 Kd4 56.Kxc6 bxc4 57.Kb5 c3
58.Bg6 Ke3 59.Kxc5 Kd2 60.Kd4 c2  1/2-1/2

[Event "15th Battle of Senta Open"]
[Site "Senta SRB"]
[Date "2011.07.16"]
[Round "1.19"]
[White "Cica,Dr"]
[Black "Tancik,K"]
[Result "1/2-1/2"]
[WhiteElo "1973"]
[BlackElo "2273"]

1.e4 d6 2.d4 Nf6 3.Nc3 Nbd7 4.Bc4 e5 5.Nf3 Be7 6.O-O O-O 7.h3 c6 8.a4 Nxe4
9.Nxe4 d5 10.Ng3 dxc4 11.dxe5 Nc5 12.Be3 Qxd1 13.Rfxd1 g6 14.Bxc5 Bxc5 15.Ne4 Be7
16.Nd6 Bxd6 17.Rxd6 Be6 18.Rad1 Bd5 19.Nd2 Rfe8 20.f4 Kf8 21.Nb1 Rad8 22.Nc3 Rxd6
23.exd6 Be6 24.Ne4 Rd8 25.Kf2 b6 26.Nc3 h5 27.Kf3 h4 28.Rd2 a6 29.Ke4 f6
30.Ke3 Kf7 31.a5 b5 32.Na2 Bc8 33.Nc3 Bf5 34.Ne4 Bxe4 35.Kxe4 Ke6 36.f5+ gxf5+
37.Kf4 c3 38.bxc3 Rxd6 39.Rxd6+ Kxd6 40.Kxf5 Kc5 41.Kxf6 Kc4 42.Kg5 Kxc3
43.Kxh4 Kxc2 44.g4 b4 45.g5 b3 46.g6 b2 47.g7 b1=Q 48.g8=Q Qe1+ 49.Qg3 Qxa5
50.Qg2+ Kb3 51.Qxc6 Qb4+ 52.Kg5 a5 53.Qf3+ Kc4 54.Qe4+ Kb3 55.Qd3+ Kb2 56.Qe2+ Kc1
57.Qf1+ Kc2 58.Qf5+ Kd2 59.Qf2+ Kd3 60.Qf3+ Kd4 61.Qf4+ Kd5 62.Qf5+ Kc6 63.Qc8+ Kb5
64.Qe8+ Kc4 65.Qe4+ Kb5 66.Qe8+ Ka6 67.Qc6+ Qb6 68.Qa8+ Kb5 69.Qe8+ Qc6 70.Qb8+ Ka6
71.h4 a4 72.Qg3 Qd5+ 73.Kf6 Qd4+ 74.Kf7 Qd5+ 75.Kf6 Qc6+ 76.Kf7 Qc4+ 77.Kg7 Qd4+
78.Kf7 Qd7+ 79.Kf6 Qc6+ 80.Kf7 Qb7+ 81.Kf6 Qb6+ 82.Kg7 Qb2+ 83.Kg8 Qb3+ 84.Qxb3 axb3
85.h5  1/2-1/2

[Event "St Pauli Open"]
[Site "Hamburg GER"]
[Date "2011.07.17"]
[Round "9.37"]
[White "Schulz,Han"]
[Black "Preuss,F"]
[Result "1-0"]
[WhiteElo "2040"]
[BlackElo "1991"]

1.e4 d6 2.d4 Nf6 3.Nc3 e5 4.Be3 Be7 5.Nf3 Nbd7 6.Be2 O-O 7.O-O Ng4 8.Bd2 c6
9.h3 Ngf6 10.Be3 b5 11.a3 a6 12.Nd2 Bb7 13.dxe5 dxe5 14.Qe1 Qc7 15.f4 c5
16.fxe5 Nxe5 17.Qg3 Kh8 18.Bg5 Rg8 19.Rf5 Bd6 20.Rxf6 Be7 21.Rxf7 Rae8 22.Raf1 c4
23.Kh1 Qd6 24.Bxe7 Rxe7 25.Rxe7 Qxe7 26.Nf3  1-0

[Event "III Corporation Cup A"]
[Site "Izhevsk RUS"]
[Date "2011.07.17"]
[Round "3"]
[White "Chetina,E"]
[Black "Chuprov,D"]
[Result "0-1"]
[WhiteElo "1764"]
[BlackElo "2531"]

1.e4 d6 2.d4 Nf6 3.Nc3 c6 4.Nf3 Bg4 5.Be2 e6 6.O-O Be7 7.Be3 d5 8.exd5 cxd5
9.Ne5 Bxe2 10.Nxe2 Nc6 11.Ng3 Nxe5 12.dxe5 Nd7 13.Qg4 g6 14.f4 O-O 15.Bd4 Qc7
16.c3 Bc5 17.Bxc5 Qxc5+ 18.Kh1 Rac8 19.h4 Qb6 20.Rab1 Rc4 21.Qe2 Qd8 22.Qg4 Nxe5
23.Qh3 Nd7 24.Ne2 Nf6 25.Nd4 Ne4 26.Rbd1 Qb6 27.b3 Rxc3 28.Rd3 Rfc8 29.Kh2 Rxd3
30.Qxd3 Rc3 31.Qd1 Qd8 32.Nf3 Qc7 33.Nd4 Qe7 34.Nf3 Qc5 35.Nd4 h5 36.Kg1 Ng3
37.Re1 Nf5 38.b4 Qxd4+ 39.Qxd4 Nxd4 40.Kf2 Rc2+ 41.Ke3 Nf5+  0-1

[Event "21st Heart of Finland"]
[Site "Jyvaskyla FIN"]
[Date "2011.07.17"]
[Round "9"]
[White "Pudas,T"]
[Black "Porrasmaa,T"]
[Result "1-0"]
[WhiteElo "2228"]
[BlackElo "2121"]

1.e4 d6 2.d4 Nf6 3.Nc3 e5 4.dxe5 dxe5 5.Qxd8+ Kxd8 6.Nf3 Bd6 7.Be3 Nbd7 8.O-O-O a6
9.Be2 b5 10.Nd2 Bb7 11.f3 Ke7 12.Nb3 Rab8 13.g4 h6 14.h4 Ba8 15.g5 hxg5 16.hxg5 Nh5
17.Rhg1 g6 18.Nd5+ Bxd5 19.exd5 Nf4 20.Bf1 Rh2 21.Na5 Rbh8 22.Nc6+ Kf8 23.Rg4 R8h4
24.Rxh4 Rxh4 25.b4 Rh2 26.Bxf4 exf4 27.a4 bxa4 28.Bxa6 a3 29.Bc4 Rf2 30.Rf1 Rg2
31.Kb1 Ne5 32.Nxe5 Bxe5 33.Bd3 Rxg5 34.Ka2 Bd6 35.Kxa3 Rxd5 36.Be4 Ra5+ 37.Kb3 Rb5
38.c3 Rh5 39.c4 g5 40.c5 Be5 41.Kc4 Ke7 42.Kd5 f6 43.Kc6 Ke6 44.Bd5+ Ke7
45.Re1 Rh6 46.Kb7 Rh8 47.b5 Rd8 48.Kc6 Rb8 49.Bc4 Rh8 50.Rd1 Rh3 51.Rd7+ Ke8
52.Rxc7 Rxf3 53.b6 Rf2 54.Kd5 Rf3  1-0

[Event "3rd International Open"]
[Site "Rethymno GRE"]
[Date "2011.07.17"]
[Round "8"]
[White "Sandipan,C"]
[Black "Vafiadis,K"]
[Result "1-0"]
[WhiteElo "2656"]
[BlackElo "2301"]

1.e4 d6 2.d4 Nf6 3.Nc3 Nbd7 4.f4 e5 5.Nf3 exd4 6.Qxd4 c6 7.Be3 d5 8.e5 Ng4
9.Bg1 Bc5 10.Qd2 Bxg1 11.Rxg1 Qb6 12.Nd4 Qxb2 13.Rb1 Qa3 14.h3 Nh6 15.g4 Nc5
16.f5 O-O 17.Rg3 Re8 18.Re3 Qa5 19.Kf2 Qc7 20.Rbe1 Bd7 21.f6 gxf6 22.Rg3 Rxe5
23.Rd1 Kg7 24.g5 fxg5 25.Rxg5+ Rxg5 26.Qxg5+ Kh8 27.Qf6+ Kg8 28.Qg5+ Kh8
29.Qf6+ Kg8 30.Qxh6 Re8 31.Qg5+ Kh8 32.Qf6+ Kg8 33.Qg5+ Kh8 34.Nf3 b5 35.Qf6+ Kg8
36.Bxb5 Re6 37.Rg1+ Kf8 38.Qg7+ Ke7 39.Qg5+ Ke8 40.Qg8+ Ke7 41.Qg5+ Ke8 42.Qh4 Rg6
43.Qxh7 Rxg1 44.Qh8+ Ke7 45.Qh4+ Kf8 46.Kxg1 Ne4 47.Bf1 Qb6+ 48.Kg2 Bf5 49.Qh8+ Ke7
50.Qe5+ Kf8 51.Nd4 Bg6 52.Qh8+ Ke7 53.Bb5 Nxc3 54.Nxc6+ Kd7 55.Nb8+ Kc7 56.Na6+  1-0

[Event "XIII Gdansk Open"]
[Site "Gdansk POL"]
[Date "2011.07.18"]
[Round "3.17"]
[White "Cichocka,U"]
[Black "Grajczak,A"]
[Result "0-1"]
[WhiteElo "1721"]
[BlackElo "2000"]

1.e4 d6 2.d4 Nf6 3.Nc3 e5 4.Nf3 Nbd7 5.Bc4 Be7 6.O-O O-O 7.a4 a5 8.Qe2 c6
9.h3 Qc7 10.Rd1 h6 11.Be3 Re8 12.d5 Nf8 13.Bb3 Ng6 14.Qc4 c5 15.Nb5 Qd8 16.Bxc5 dxc5
17.d6 Be6 18.Qd3 Bxb3 19.cxb3 Bf8 20.Nc7 Qd7 21.Nxa8 Rxa8 22.Nd2 Qxd6 23.Qxd6 Bxd6
24.Nc4 Bc7 25.f3 Nf4 26.Kf2 Ne6 27.Nd6 b6 28.Nb5 Bd8 29.Rd3 Nd4 30.Na3 Nh5
31.g3 g6 32.Nc4 Bc7 33.Re1 Re8 34.Ne3 Bd8 35.Nd5 Kg7 36.Kg2 Nf6 37.Ne3 Nh7
38.h4 Nf8 39.Red1 Nd7 40.Nd5 Nb8 41.Kf2 Nbc6 42.Rc1 h5 43.Kg2 Re6 44.Rcd1 Kf8
45.Kf2 Ke8 46.Kg2 Kd7 47.Kf2 Kc8 48.Kg2 Kb7 49.Kf2 Be7 50.Rc1 Bf8 51.Rc4 Bh6
52.Kg2 Nd8 53.Rcc3 f6 54.Rd1 Nf7 55.Kf2 Nd6 56.Rcd3 Kc6 57.Kg2 f5 58.Nc3 Nxb3
59.Kf2  0-1

[Event "TCh-Euro Open Girls"]
[Site "Iasi ROU"]
[Date "2011.07.18"]
[Round "4.1"]
[White "Gelip,I"]
[Black "Varga,Kl"]
[Result "0-1"]
[WhiteElo "1989"]
[BlackElo "2161"]

1.e4 d6 2.d4 Nf6 3.Nc3 c6 4.Be3 Nbd7 5.Bd3 e5 6.h3 Be7 7.Nf3 Qc7 8.Qd2 h6
9.a4 b6 10.O-O Nf8 11.Ne2 g5 12.dxe5 dxe5 13.Qc3 Ng6 14.a5 Rb8 15.axb6 axb6
16.Ng3 O-O 17.Nf5 Bxf5 18.exf5 Nd5 19.Qe1 Ngf4 20.Bxf4 exf4 21.Nh2 Rfe8 22.Qe2 Kg7
23.Qf3 Bf6 24.Rab1 Rbd8 25.Rfd1 Rd6 26.Be4 Red8 27.Qh5 Ne7 28.Rd3 c5 29.b3 b5
30.h4 Rxd3 31.Bxd3 c4 32.bxc4 bxc4 33.Be4 Rb8 34.Rxb8 Qxb8 35.Nf3 Qb1+ 36.Kh2 Qd1
37.Qg4 Qe2 38.Bb7 Qxc2 39.hxg5 hxg5 40.Nxg5 Qxf5 41.Ne6+ Kh6 42.Qxf4+ Qxf4+
43.Nxf4 Bg5 44.g3 Bxf4 45.gxf4 c3 46.Be4 Nd5 47.Kg3 Nb4 48.Kg4 c2 49.Bxc2 Nxc2
50.Kf5 Kg7 51.Ke5 Nb4 52.f3 f6+ 53.Ke6 Nc2 54.Kf5 Kf7 55.Ke4 Ke6 56.f5+ Kd6
57.f4 Kc5 58.Kd3 Nd4 59.Ke4 Kc4 60.Ke3 Nxf5+ 61.Ke4 Nd6+ 62.Ke3 f5  0-1

[Event "3rd Artemis Cup"]
[Site "Leros GRE"]
[Date "2011.07.18"]
[Round "8.2"]
[White "Hunt,A"]
[Black "Czebe,A"]
[Result "1/2-1/2"]
[WhiteElo "2436"]
[BlackElo "2526"]

1.e4 d6 2.d4 Nf6 3.Nc3 e5 4.f4 Bg4 5.Qd3 exd4 6.Qxd4 Be7 7.h3 Nc6 8.Qf2 Be6
9.Bd3 Nb4 10.Nf3 c6 11.Be3 Qa5 12.f5 Bd7 13.O-O Nxd3 14.cxd3 c5 15.e5 dxe5
16.Nxe5 Rd8 17.Nc4 Qa6 18.Bxc5 b6 19.Rae1 bxc5 20.Rxe7+ Kf8 21.Qxc5 Rc8 22.Qe5 Kg8
23.Nd5  1/2-1/2

[Event "Poznan Summer Open"]
[Site "Poznan POL"]
[Date "2011.07.18"]
[Round "3.26"]
[White "Wittig,Z"]
[Black "Palasz,Miroslaw"]
[Result "0-1"]
[WhiteElo "1631"]
[BlackElo "1703"]

1.e4 d6 2.d4 Nf6 3.Nc3 c6 4.f3 Qa5 5.Be3 Qb6 6.Na4 Qb4+ 7.c3 Qa5 8.b4 Qc7
9.Bd3 b5 10.Nb2 a5 11.a3 g6 12.Ne2 Bg7 13.O-O O-O 14.Qc2 Nbd7 15.Bf4 Nh5
16.Bd2 Bb7 17.f4 e5 18.f5 Nhf6 19.Rac1 Qb6 20.Kh1 Rfe8 21.Be3 Ng4 22.Bg1 Qd8
23.Rf3 Qe7 24.fxg6 hxg6 25.Rcf1 Ndf6 26.h3 Nh6 27.Be3 Kh7 28.dxe5 dxe5 29.Bc5 Qe6
30.c4 axb4 31.Bxb4 c5 32.Bxc5 Rec8 33.Bb4 bxc4 34.Bxc4 Qc6 35.Qb3 Qxe4 36.R3f2 Nf5
37.Bd3 Qh4 38.Be1 Ne3 39.Qxb7 Nxf1 40.Rxf1 Qg5 41.Qxf7 Rf8 42.Qb3 Rfb8 43.Bb4 e4
44.Bc4 e3 45.Nf4 Ne4 46.Ne2 Nd2 47.Qd1 Nxf1 48.Qxf1 Bxb2 49.Qf7+ Bg7 50.Bd5 Ra6
51.Qc7 Rab6 52.Be4 Rxb4 53.axb4 Rxb4 54.Bf3 Rb1+ 55.Ng1 Kh6 56.Qc2 Rb2 57.Qc7 Be5
58.Qc8 Qf5 59.g3  0-1

[Event "20th ch-MKD Open"]
[Site "Struga MKD"]
[Date "2011.07.18"]
[Round "3"]
[White "Hristovski,S"]
[Black "Skrceski,G"]
[Result "1-0"]
[WhiteElo "2145"]
[BlackElo "2267"]

1.e4 d6 2.d4 Nf6 3.Nc3 c6 4.h3 g6 5.g4 Bg7 6.Bg2 e5 7.Nge2 O-O 8.Be3 Re8
9.Qd2 a5 10.O-O Qc7 11.f4 b5 12.Ng3 b4 13.Nce2 Ba6 14.Rf2 Bxe2 15.Rxe2 Nfd7
16.Rf1 exd4 17.Bxd4 Bf6 18.Ref2 c5 19.Be3 Nc6 20.Ne2 Nb6 21.b3 Rad8 22.f5 Ne5
23.Bg5 Be7 24.fxg6 hxg6 25.Bf6 Bxf6 26.Rxf6 Kg7 27.Qg5  1-0

[Event "ch-PHI"]
[Site "Manila PHI"]
[Date "2011.07.19"]
[Round "7"]
[White "Nolte,R"]
[Black "Bitoon,R"]
[Result "1/2-1/2"]
[WhiteElo "2433"]
[BlackElo "2491"]

1.e4 d6 2.d4 Nf6 3.Nc3 e5 4.Nf3 Nbd7 5.Bc4 Be7 6.O-O O-O 7.Re1 c6 8.a4 b6
9.d5 Bb7 10.dxc6 Bxc6 11.Bg5 Rc8 12.b3 h6 13.Bxf6 Nxf6 14.Qd3 Nh5 15.Rad1 Qc7
16.Nd2 Nf4 17.Qf1 Bd7 18.Kh1 Qc5 19.Re3 Bg4 20.Nf3 Be6 21.Ba6 Ra8 22.g3 Nh5
23.Bb7 Rab8 24.Bd5 Bc8 25.Bc4 Nf6 26.Rd2 Qb4 27.h3 Be6 28.Bxe6 fxe6 29.Qb5 Qxb5
30.Nxb5 d5 31.Nxe5 Nxe4 32.Rde2  1/2-1/2

[Event "XIII Gdansk Open"]
[Site "Gdansk POL"]
[Date "2011.07.20"]
[Round "5.3"]
[White "Kempinski,T"]
[Black "Grajczak,A"]
[Result "1-0"]
[WhiteElo "2227"]
[BlackElo "2000"]

1.e4 d6 2.d4 Nf6 3.Nc3 e5 4.dxe5 dxe5 5.Qxd8+ Kxd8 6.Bg5 Be6 7.O-O-O+ Nd7
8.Nf3 Kc8 9.a3 c6 10.h3 Bc5 11.Bh4 h6 12.g4 Nh7 13.Bg3 f6 14.Nh4 Rd8 15.Na4 Bf8
16.Bg2 b5 17.Nc3 a5 18.Nf5 b4 19.Nb1 Nb6 20.f4 Rxd1+ 21.Rxd1 Nc4 22.Rd3 g6
23.Ne3 Nxe3 24.Rxe3 Bc5 25.Re1 exf4 26.Bxf4 g5 27.Bg3 Kd7 28.a4 Nf8 29.Rf1 Be3+
30.Kd1 Ke7 31.e5 Rd8+ 32.Ke1 Bd4 33.exf6+ Bxf6 34.Bc7 Ra8 35.b3 Bd7 36.Kd1 Ne6
37.Bb6 Ra6 38.Be3 c5 39.Nd2 Rd6 40.Kc1 Nd4 41.Re1 Kf7 42.Nc4 Ra6 43.Bf2 Be6
44.Ne5+ Kg7 45.Nd3 Rd6 46.Nxc5 Bd5 47.Bxd5 Rxd5 48.Bxd4 Bxd4 49.Ne6+ Kf6
50.Nxd4 Rxd4 51.Rd1 Rxd1+ 52.Kxd1 Ke5 53.Kd2 Kd4 54.c3+ bxc3+ 55.Kc2 Kd5
56.Kxc3 Kc5 57.b4+ axb4+ 58.Kb3 Kb6 59.Kxb4 Ka6 60.a5 Ka7 61.Kb5 Kb7 62.a6+ Ka7
63.Ka5 Ka8 64.Kb6 Kb8 65.a7+ Ka8 66.Ka6 h5 67.gxh5 g4 68.h6  1-0

[Event "2nd Girona Open"]
[Site "Girona ESP"]
[Date "2011.07.20"]
[Round "7"]
[White "Salgado Allaria,C"]
[Black "Mundet Riera,Ja"]
[Result "1/2-1/2"]
[WhiteElo "2325"]
[BlackElo "2125"]

1.d4 d6 2.e4 Nf6 3.Nc3 e5 4.Nf3 exd4 5.Qxd4 Nc6 6.Bb5 Bd7 7.Bxc6 Bxc6 8.Bg5 Be7
9.O-O-O Nh5 10.Bxe7 Qxe7 11.Nd5 Bxd5 12.exd5 O-O 13.Rhe1 Qf6 14.Qg4 Nf4 15.Re4 Ng6
16.Rde1 c6 17.dxc6 bxc6 18.Qg5 Qxg5+ 19.Nxg5 Rfd8 20.Ra4 Rd7 21.Ra6 Rc8 22.Nf3 Kf8
23.Nd4 Ne7 24.b3 d5 25.Kd2 c5 26.Nf3 f6 27.Ree6 Kf7 28.g4 d4 29.g5 Nd5 30.gxf6 gxf6
31.Red6 Rcc7 32.Nh4 Nb6 33.Nf5 Kg6 34.Rxd7 Rxd7 35.Ng3 c4 36.bxc4 Nxc4+ 37.Kd3 Ne5+
38.Ke4 Ng4 39.f3 Nf2+ 40.Kf4 h5 41.Ne4 Nxe4 42.Kxe4 Rc7 43.Kxd4 Rxc2 44.h4 Rh2
45.Rxa7 Rxh4+ 46.Ke3 Rh1 47.Kf2 Kg5 48.a4 Ra1 49.Kg3 h4+ 50.Kh3 Kf4 51.a5 Kxf3
52.Kh2 f5 53.a6 f4 54.Ra8 Ra2+ 55.Kh3 Ra1 56.Kh2 Kf2 57.a7 h3 58.Kxh3 Kf3
59.Kh4 Ra5 60.Rb8 Rxa7  1/2-1/2

[Event "Czech Open G Rapid"]
[Site "Pardubice CZE"]
[Date "2011.07.20"]
[Round "2.9"]
[White "Friedel,J"]
[Black "Pribyl,Jo"]
[Result "1-0"]
[WhiteElo "2531"]
[BlackElo "2328"]

1.e4 d6 2.d4 Nf6 3.Nc3 e5 4.Nf3 Nbd7 5.Bc4 Be7 6.O-O O-O 7.Re1 c6 8.a4 b6
9.b3 a6 10.Bb2 Bb7 11.Bd3 b5 12.Ne2 Qc7 13.Ng3 g6 14.dxe5 dxe5 15.Nh4 Rfe8
16.Qf3 Nc5 17.Nhf5 Bf8 18.Ne3 Bg7 19.Ngf5 Bf8 20.Qg3 Nfxe4 21.Bxe4 Nxe4 22.Qh4 c5
23.Nh6+ Kg7 24.Neg4 Qd8 25.Bxe5+ Rxe5 26.Qxd8 Rxd8 27.Nxe5 Rd2 28.f3 Nd6
29.axb5 Kxh6 30.bxa6 Ba8 31.Ra2 Kg7 32.Nd7 Nb5 33.Nxf8 Kxf8 34.Ra5 Nd4 35.c3 Nc2
36.Ra2 Bd5 37.c4 Bxf3 38.gxf3 Rd6  1-0

[Event "Poznan Summer Open"]
[Site "Poznan POL"]
[Date "2011.07.20"]
[Round "5.23"]
[White "Raczynski,Krzysztof"]
[Black "Palasz,Miroslaw"]
[Result "1-0"]
[WhiteElo "1494"]
[BlackElo "1703"]

1.e4 d6 2.d4 Nf6 3.Nc3 c6 4.Nf3 Bg4 5.h3 Bh5 6.Be2 Qa5 7.O-O Bxf3 8.Bxf3 e5
9.d5 Be7 10.Bd2 Qd8 11.Be3 O-O 12.g4 a6 13.a4 a5 14.Qd2 Na6 15.Bg2 Nb4 16.Ne2 cxd5
17.exd5 Rc8 18.Rfe1 Nd7 19.c3 Na6 20.Ng3 Nac5 21.Qd1 Bg5 22.Rb1 Bxe3 23.fxe3 g6
24.e4 Qb6 25.Kh1 Nb3 26.Re3 Nbc5 27.b4 axb4 28.cxb4 Na6 29.Qe1 Rc2 30.Ne2 Rfc8
31.a5 Qb5 32.Bf1 Qc4 33.Nc3 Qd4 34.Nb5 Qd2 35.Qxd2 Rxd2 36.Nxd6 Rcc2 37.Nxb7 Ndb8
38.b5 Nc7 39.a6 Nxb5 40.Bxb5 Rh2+ 41.Kg1 Rcg2+ 42.Kf1 Rf2+ 43.Ke1 Nxa6 44.Bxa6 Rfg2
45.Rf3 Rh1+ 46.Rf1 Rhh2 47.d6 Rxh3 48.d7 Kg7 49.d8=Q Re3+ 50.Kd1 Rxg4 51.Qf6+  1-0

[Event "20th ch-MKD Open"]
[Site "Struga MKD"]
[Date "2011.07.20"]
[Round "5"]
[White "Matijevic,Filip"]
[Black "Skrceski,G"]
[Result "0-1"]
[WhiteElo "1932"]
[BlackElo "2267"]

1.e4 d6 2.d4 Nf6 3.Nc3 c6 4.f4 g6 5.Nf3 Bg4 6.Bd3 Qb6 7.e5 Nd5 8.Nxd5 cxd5
9.c3 e6 10.O-O Nd7 11.Kh1 Be7 12.h3 Bf5 13.g4 Bxd3 14.Qxd3 h5 15.Kg2 hxg4
16.hxg4 O-O-O 17.b3 dxe5 18.Nxe5 Rh7 19.Nxd7 Kxd7 20.Bd2 Rh4 21.Qf3 f5 22.gxf5 gxf5
23.Kf2 Rh2+ 24.Ke3 Rdh8 25.Rh1 Qa6 26.a4 Qd6 27.b4 Qc6 28.a5 Qc4 29.Rxh2 Rxh2
30.Rh1 Rxh1 31.Qxh1 Qc8 32.Qh7 Qe8 33.Kd3 a6 34.Be1 Kc6 35.c4 dxc4+ 36.Kxc4 Kd6
37.Kb3 Qb5 38.Qh8 Qd5+ 39.Kb2 Kd7 40.Bc3 Bd6 41.Qh6 Kc6 42.Qg5 Kb5 43.Qg1 Qf3
44.Qe1 Qe4 45.Qf1+ Kc6 46.Qc4+ Kd7 47.b5 axb5 48.Qxb5+ Qc6 49.Qf1 Qa4 50.Kc1 Qb3
51.Kd2 Kc6 52.Qf3+ Qd5 53.Qe2 Bxf4+  0-1

[Event "16th Balaguer Open"]
[Site "Balaguer ESP"]
[Date "2011.07.21"]
[Round "5"]
[White "Arribas Robaina,M"]
[Black "Janev,E"]
[Result "1/2-1/2"]
[WhiteElo "2292"]
[BlackElo "2528"]

1.e4 d6 2.d4 Nf6 3.Nc3 Nbd7 4.Nf3 e5 5.Bc4 Be7 6.O-O O-O 7.a4 c6 8.Qe2 exd4
9.Nxd4 Re8 10.Ba2 Bf8 11.Qf3 Ne5 12.Qg3 Ng6 13.Bg5 Qb6 14.Bxf6 gxf6 15.Rfd1 a5
16.f4 Qc5 17.h4 Bg7 18.f5 Ne5 19.Kh1 Kh8 20.Nb3 Qb6 21.Rxd6 Rg8 22.Nd5 Qa7
23.Ne7 Rf8 24.Rad1 Bd7 25.Nd4 Rae8 26.Nf3 Rxe7 27.Nxe5 Be8 28.Nd7 Bxd7 29.Rxd7 Qc5
30.Rd8 Rxe4 31.Bxf7 Qe7 32.Rxf8+ Qxf8 33.Be6 Bh6 34.c4 c5 35.b3 b6 36.Re1 Bf4
37.Qf2 Rxe1+ 38.Qxe1 Be5 39.Qe4 Bb8 40.Qc6 Qd8 41.Bd5 Kg7 42.g4 Bg3 43.Qb7+ Bc7
44.Qc6 Bg3 45.h5 Kh6 46.Kg2 Be5 47.Qe6 Qc7 48.Kf3 Kg5 49.Qf7 Qxf7 50.Ke4  1/2-1/2